[Event "White Nights"]
[Site "St Petersburg RUS"]
[Date "2005.06.20"]
[Round "3"]
[White "Melnikov,D"]
[Black "Nikolaev,V RUS"]
[Result "1/2-1/2"]
[WhiteElo "2305"]
[BlackElo "2201"]

1.e4 c5 2.Nf3 Nc6 3.d4 cxd4 4.Nxd4 Qc7 5.Nc3 e6 6.g3 a6 7.Nb3 b5 8.a3 Bb7
9.Bg2 Nf6 10.O-O Be7 11.Qe2 d6 12.f4 Rb8 13.Be3 O-O 14.Rad1 Na5 15.Nxa5 Qxa5
16.g4 b4 17.axb4 Qxb4 18.g5 Nd7 19.Bc1 Rfe8 20.Rd3 a5 21.Rh3 Nf8 22.Qh5 g6
23.Qd1 f5 24.gxf6 Bxf6 25.f5 Bd4+ 26.Kh1 exf5 27.exf5 Bxg2+ 28.Kxg2 Qb7+
29.Qf3 Qxf3+ 30.Rhxf3 gxf5 31.Rxf5 Bxc3 32.bxc3 Re2+ 33.R1f2 Rxf2+ 34.Kxf2 Rc8
35.Bb2 Ra8 36.Rd5 Ra6 37.Ba3 Nd7 38.Bxd6 Nf6 39.Rg5+ Kf7 40.Kf3 Rxd6 41.Rxa5 Rc6
42.Ra3 Nd5 43.Ra7+ Kg6 44.Ke4 Nxc3+ 45.Kd3 Nb5 46.Ra5 Nd6 47.Re5 Nc4 48.Re4 Nb2+
49.Kd2 Kf5 50.Rh4 h6 51.Rd4 Rd6 52.Rxd6 Nc4+ 53.Ke2 Nxd6 54.Kf3 h5 55.Kg3 Kg5
56.Kh3 h4 57.c3 Nc4 58.Kg2 Kg4 59.Kf2 h3 60.Ke2 Kf4 61.Kf2 Ne3 62.c4 Ng4+
63.Kg1 Ke4 64.c5 Kd5 65.c6 Kxc6 66.Kh1 Kd5 67.Kg1  1/2-1/2

[Event "Torch Real Estate Cup"]
[Site "Xiapu CHN"]
[Date "2005.06.21"]
[Round "14"]
[White "Yuan Jun"]
[Black "Wen Yang"]
[Result "0-1"]
[WhiteElo "2306"]
[BlackElo "2327"]

1.e4 c5 2.Nf3 Nc6 3.d4 cxd4 4.Nxd4 Qc7 5.Nb5 Qb8 6.c4 Nf6 7.N5c3 e6 8.Be2 Bd6
9.h3 b6 10.O-O Bb7 11.a3 h5 12.Be3 Bh2+ 13.Kh1 Bf4 14.Bxf4 Qxf4 15.Qd2 Qxd2
16.Nxd2 g5 17.Kh2 Ke7 18.Rae1 d6 19.Bd1 Rag8 20.g3 Ne5 21.Re3 h4 22.g4 Rc8
23.Be2 Ng6 24.Rd1 Rhd8 25.Nf3 Nh7 26.Bf1 f6 27.Kg1 Nhf8 28.Nb5 a6 29.Nc3 Nf4
30.Nd4 Nd7 31.Na4 Rb8 32.b4 Rdc8 33.f3 Ba8 34.Rc3 Ne5 35.Kf2 Bc6 36.Nxc6+ Rxc6
37.Ke3 Nd7 38.Kf2 Ra8 39.Rd2 a5 40.b5 Rc7 41.Rc1 Nc5 42.Nxc5 Rxc5 43.Rcd1 Rd8
44.Rd4 Rd7 45.R1d2 e5 46.Rd5 Nxd5 47.Rxd5 Rc8 48.Rd1 Rdc7 49.Rc1 Rc5 50.a4 d5
51.exd5 Rxd5  0-1

[Event "zt 4.1"]
[Site "Taza MAR"]
[Date "2005.06.26"]
[Round "7"]
[White "Idrissi,C"]
[Black "Tissir,M"]
[Result "0-1"]
[WhiteElo "2215"]
[BlackElo "2442"]

1.e4 c5 2.Nf3 Nc6 3.d4 cxd4 4.Nxd4 Qb6 5.Nb3 Nf6 6.Nc3 e6 7.Be3 Qc7 8.f4 Bb4
9.Bd3 O-O 10.O-O Bxc3 11.bxc3 d6 12.Kh1 b6 13.Qf3 Bb7 14.Qh3 Ne7 15.e5 Ne4
16.Bd4 Nf5 17.Rae1 d5 18.g4 Nxd4 19.cxd4 f5 20.g5 a5 21.g6 h6 22.Nc1 Rfc8
23.Ne2 Ba6 24.Rf3 Bxd3 25.cxd3 Nd2 26.Rf2 Qe7 27.Ng3 Qb4 28.Rd1 Nb1 29.Nh5 Rc7
30.Qg2 Nc3 31.Rc1 Qxd4 32.Rfc2 b5  0-1

[Event "6th Kurass Memorial"]
[Site "Kiev UKR"]
[Date "2005.06.27"]
[Round "7"]
[White "Kernazhitsky,L"]
[Black "Nazarevich,V"]
[Result "1/2-1/2"]
[WhiteElo "2345"]
[BlackElo "2346"]

1.e4 c5 2.Nf3 Nc6 3.d4 cxd4 4.Nxd4 Qc7 5.Nc3 e6 6.Be2 Nf6 7.O-O a6 8.Kh1 b5
9.Nxc6 dxc6 10.Qd3 Bb7 11.f4 c5 12.Bf3 c4 13.Qe2 b4 14.e5 bxc3 15.exf6 gxf6
16.Bxb7 Qxb7 17.Qxc4 Rc8 18.Qa4+ Qc6 19.Qxc6+ Rxc6 20.bxc3 Bd6 21.Rb1 O-O
22.Rf3 Rfc8 23.Rg3+ Kf8 24.Rd3 Be7 25.Bd2 f5 26.Kg1 Bf6 27.Rb3 h5 28.Kf2 a5
29.a4 Rc4 30.Rd7 Bxc3 31.Rbb7 Bxd2 32.Rxf7+ Kg8 33.Rg7+ Kh8  1/2-1/2

[Event "2nd RUS Pupils Summer Boys"]
[Site "Satka RUS"]
[Date "2005.06.27"]
[Round "1"]
[White "Fatkulin,A"]
[Black "Reshetnikov,A"]
[Result "1/2-1/2"]
[WhiteElo "2235"]
[BlackElo "2355"]

1.e4 c5 2.Nf3 Nc6 3.d4 cxd4 4.Nxd4 Qc7 5.Nc3 e6 6.Be3 a6 7.Qd2 Nf6 8.f3 b5
9.g4 d6 10.O-O-O Bb7 11.g5 Nd7 12.Bh3 Nde5 13.f4 Nc4 14.Qe2 Nxe3 15.Qxe3 Nxd4
16.Qxd4 Qc5 17.f5 Qxd4 18.Rxd4 Bc8 19.Rd3 Be7 20.Rg1 g6 21.f6 Bd8 22.Rxd6 h6
23.e5 Bc7 24.Rd3 Bb7 25.Rgd1 Bxe5 26.Rd7 Bc6 27.Re7+ Kf8 28.Ne4 hxg5 29.Bg2 Re8
30.Rxe8+ Bxe8 31.h3 Rh4 32.Rd8 Rf4 33.Ra8 Rf5 34.c3 Bf4+ 35.Kc2 Rd5 36.b3 Bc7
37.Rc8 Bb6 38.Rb8 Bc7 39.Rc8 Ba5 40.Ra8 Rd8 41.Rxa6 Bc7 42.Nxg5 Be5 43.Ne4 Rc8
44.Rb6 Kg8 45.Bf3 Kh7 46.Rb7 Kg8 47.Rb6 Ra8  1/2-1/2

[Event "20th North Sea Cup"]
[Site "Esbjerg DEN"]
[Date "2005.07.03"]
[Round "3"]
[White "Skjoldborg,J DEN"]
[Black "Goloshchapov,A"]
[Result "1/2-1/2"]
[WhiteElo "2291"]
[BlackElo "2519"]

1.e4 c5 2.Nf3 Nc6 3.d4 cxd4 4.Nxd4 Qb6 5.Nb3 Nf6 6.Nc3 e6 7.Bd3 a6 8.O-O Be7
9.Be3 Qc7 10.f4 d6 11.Kh1 b5 12.a3 Bb7 13.Qf3 O-O 14.Qh3 b4 15.axb4 Nxb4
16.e5 dxe5 17.fxe5 Qxe5 18.Ra5 Bd5 19.Nxd5 exd5  1/2-1/2

[Event "34th TCh-GRE"]
[Site "Ermioni Argolidas GRE"]
[Date "2005.07.05"]
[Round "2"]
[White "Klerides,P"]
[Black "Grivas,E"]
[Result "0-1"]
[WhiteElo "2224"]
[BlackElo "2515"]

1.e4 c5 2.Nf3 Nc6 3.d4 cxd4 4.Nxd4 Qb6 5.Nb3 Nf6 6.Nc3 e6 7.Bd3 d6 8.Be3 Qc7
9.f4 a6 10.Qf3 Be7 11.O-O-O b5 12.g4 Nd7 13.g5 Nb6 14.Kb1 Na4 15.Ne2 Bd7
16.f5 O-O-O 17.Nf4 Kb8 18.h4 Qb7 19.Qh3 Rhe8 20.Rhe1 Qc8 21.Qf1 Ne5 22.fxe6 fxe6
23.Rc1 Qb7 24.Na5 Qc7 25.Nb3 Rc8 26.Nd4 Bf8 27.Ndxe6 Rxe6 28.Nxe6 Bxe6 29.Bd2 Qb6
30.b3 Nc5 31.Bb4 Be7 32.Qf2 Kb7 33.Qe2 g6 34.Rf1 Bh3 35.Rf4 Ncxd3 36.cxd3 Rxc1+
37.Kxc1 Qd4  0-1

[Event "34th TCh-GRE"]
[Site "Ermioni Argolidas GRE"]
[Date "2005.07.05"]
[Round "2"]
[White "Nikolaidis,K"]
[Black "Tassopoulos,M"]
[Result "1/2-1/2"]
[WhiteElo "2298"]
[BlackElo "2220"]

1.e4 c5 2.Nf3 Nc6 3.d4 cxd4 4.Nxd4 Qc7 5.Nc3 e6 6.Be2 a6 7.O-O Nf6 8.Be3 Bb4
9.Na4 Be7 10.Nxc6 bxc6 11.Nb6 Rb8 12.Nxc8 Qxc8 13.Bd4 O-O 14.e5 Nd5 15.c4 Nf4
16.Bf3 f6 17.Qd2 Ng6 18.exf6 Bxf6 19.Bxf6 Rxf6 20.Rad1 Rb7 21.b3 Qf8 22.Be4 Nf4
23.g3 d5 24.cxd5 cxd5 25.Bb1 Ng6 26.Rc1 Qb4 27.Qd3 Qb5 28.Rc8+ Rf8 29.Rfc1 Rf7
30.Qe3 Qd7 31.R1c7 Qxc8 32.Rxc8 Rxc8 33.Bxg6 hxg6 34.Qxe6 Rc1+ 35.Kg2 Rc2
36.Qe8+ Rf8 37.Qe6+ Kh7 38.Qh3+ Kg8 39.Qe6+ Kh7 40.Qh3+ Kg8 41.Qe6+  1/2-1/2

[Event "34th TCh-GRE"]
[Site "Ermioni Argolidas GRE"]
[Date "2005.07.07"]
[Round "4"]
[White "Petrakis,I"]
[Black "Skembris,S"]
[Result "0-1"]
[WhiteElo "2220"]
[BlackElo "2436"]

1.e4 c5 2.Nf3 Nc6 3.d4 cxd4 4.Nxd4 Qb6 5.Nb5 Nf6 6.Be3 Qd8 7.N1c3 a6 8.Nd4 e5
9.Nb3 Bb4 10.Bc4 O-O 11.O-O Bxc3 12.bxc3 d6 13.Bc1 Nxe4 14.Ba3 Qh4 15.Qe1 Nf6
16.f4 Qxe1 17.Raxe1 b5 18.Be2 Rd8 19.fxe5 Nxe5 20.h3 Be6 21.Nd4 Rac8 22.Bb4 Nd5
23.Ba5 Re8 24.Bb4 Nxc3 25.Bxd6 Nc4 26.Bf4 Nxe2+ 27.Rxe2 Bd7 28.Rfe1 Rxe2
29.Rxe2 Kf8 30.Kf2 f6 31.Kf3 Kf7 32.Ke4 g5 33.Bh2 Rc5 34.Bg3 f5+ 35.Kd3 Rd5
36.Kc3 f4 37.Bf2 h6 38.Re4 Nd6 39.Re2 a5 40.Bg1 Nf5 41.Nxf5 Bxf5 42.Bb6 b4+
43.Kb3 Be6 44.Kb2 a4 45.a3 Rb5 46.Bc7 b3 47.c3 Rd5 48.Kc1 Rd3 49.Be5 Rg3
50.Rd2 Re3 51.Bd4 Re1+ 52.Kb2 Bc4 53.h4 Kg6 54.hxg5 hxg5 55.Rf2 Kh5 56.Rd2 Kg4
57.Bf6 Re2 58.Rxe2 Bxe2 59.c4 Bxc4 60.Kc1 Bd5 61.g3 fxg3 62.Bd4 Kf3 63.Kd2 Be4
64.Ke1 g2 65.Kd2 b2  0-1

[Event "ch-SCO"]
[Site "Oban SCO"]
[Date "2005.07.10"]
[Round "9"]
[White "Kafka,G"]
[Black "Aagaard,J"]
[Result "0-1"]
[WhiteElo "2104"]
[BlackElo "2442"]

1.e4 c5 2.Nf3 Nc6 3.d4 cxd4 4.Nxd4 Qc7 5.Nc3 e6 6.Be3 a6 7.Bd3 Nf6 8.O-O Ne5
9.h3 Bc5 10.f4 Nc6 11.Nf5 Bxe3+ 12.Nxe3 d6 13.Qe1 Bd7 14.Qg3 O-O 15.Kh1 Ne7
16.Ng4 Nxg4 17.hxg4 b5 18.a3 Qc5 19.e5 dxe5 20.Ne4 Qc7 21.fxe5 Ng6 22.Ng5 Qxe5
23.Qxe5 Nxe5 24.Bxh7+ Kh8 25.Rae1 f6 26.Be4 Rab8 27.Nh7 Rfc8 28.Re3 Kg8 29.Rg3 Rc4
30.g5 Rxe4 31.Nxf6+ gxf6 32.gxf6+ Rg4 33.f7+ Kg7 34.Re3  0-1

[Event "DMP 1st League"]
[Site "Koszalin POL"]
[Date "2005.07.13"]
[Round "11"]
[White "Tomczak,J"]
[Black "Stopa,Ja"]
[Result "1/2-1/2"]
[WhiteElo "2329"]
[BlackElo "2460"]

1.e4 c5 2.Nf3 Nc6 3.d4 cxd4 4.Nxd4 Qb6 5.Nb3 Nf6 6.Bd3 d5 7.Be3 Qc7 8.Nc3 dxe4
9.Nxe4 Nxe4 10.Bxe4 g6 11.Nd4 Bg7 12.Nxc6 bxc6 13.Bd4 Rg8  1/2-1/2

[Event "16th Open"]
[Site "Ljubljana SLO"]
[Date "2005.07.14"]
[Round "8"]
[White "Zorko,Ju"]
[Black "Ushenina,A"]
[Result "1/2-1/2"]
[WhiteElo "2335"]
[BlackElo "2389"]

1.e4 c5 2.Nf3 Nc6 3.d4 cxd4 4.Nxd4 Qb6 5.Nb3 e6 6.Bd3 Nf6 7.Nc3 a6 8.O-O d6
9.a4 Be7 10.Be3 Qc7 11.a5 O-O 12.f4 Nb4 13.Bb6 Qb8 14.Ra4 Nxd3 15.cxd3 Bd7
16.Ra1 Bc6 17.Qd2 Nd7 18.Be3 Nf6 19.Bb6 Nd7 20.Be3 Nf6 21.Bb6 Nd7 22.Be3  1/2-1/2

[Event "ITT"]
[Site "Vicente Lopez ARG"]
[Date "2005.07.14"]
[Round "1"]
[White "Zuriel,M"]
[Black "Della Morte,P"]
[Result "0-1"]
[WhiteElo "2207"]
[BlackElo "2271"]

1.e4 c5 2.Nf3 Nc6 3.d4 cxd4 4.Nxd4 Qb6 5.Nb3 Nf6 6.Bd3 e6 7.O-O Be7 8.Be3 Qc7
9.Nc3 O-O 10.f4 d6 11.Kh1 a6 12.Qf3 b5 13.Qh3 b4 14.Ne2 e5 15.f5 a5 16.Ng3 d5
17.exd5 Nxd5 18.Nh5 Nf6 19.Nxf6+ Bxf6 20.Nc5 Re8 21.Ne4 Be7 22.Qg3 Kh8 23.f6 gxf6
24.Nxf6 Bxf6 25.Rxf6 Rg8 26.Qh4 Rg7 27.Rh6 f5 28.Rf1 Ne7 29.Qf6 Ng8 30.Qh4 Bb7
31.Rf2 f4 32.Bb6 Qf7 33.Rd6 Qxa2 34.h3 Qb1+ 35.Kh2 Qe1 36.Qh5 Nf6 37.Rxf6 Rag8
38.Qe2 Rxg2+ 39.Rxg2 Rxg2+ 40.Qxg2 Bxg2 41.Kxg2 Qg3+ 42.Kf1 Qxh3+ 43.Ke2 Kg7
44.Rf5 Qg2+ 45.Ke1 Qh1+ 46.Kd2 e4 47.Bd4+ Kg6 48.Rf6+ Kg5 49.Bc4 e3+  0-1

[Event "Politiken Cup"]
[Site "Copenhagen DEN"]
[Date "2005.07.19"]
[Round "5"]
[White "Willumsen,H"]
[Black "Chandler,M"]
[Result "0-1"]
[WhiteElo "2208"]
[BlackElo "2542"]

1.e4 c5 2.Nf3 Nc6 3.d4 cxd4 4.Nxd4 Qb6 5.Nb3 Nf6 6.Nc3 e6 7.Be3 Qc7 8.a3 d6
9.Be2 a6 10.O-O Be7 11.f4 b5 12.Bf3 Bb7 13.Qe2 O-O 14.g4 Rfe8 15.g5 Nd7 16.Rad1 Nb6
17.Bxb6 Qxb6+ 18.Kh1 Bf8 19.Qg2 Rad8 20.f5 Ne5 21.Nd4 g6 22.fxe6 fxe6 23.Qh3 Bg7
24.Bg2 Bc8 25.Rf4 Re7 26.Rf6 Bxf6 27.gxf6 Rf7 28.Nxe6 Re8 29.Nd5 Qa7 30.Ndf4 Rxf6
31.Qh4 Rfxe6 32.Nxe6 Bxe6 33.Rxd6 Qc7  0-1

[Event "Iranian Super League"]
[Site "Iran IRI"]
[Date "2005.07.21"]
[Round "6"]
[White "Ahmadinia,E"]
[Black "Paridar,S"]
[Result "1/2-1/2"]
[WhiteElo "2195"]
[BlackElo "2263"]

1.e4 c5 2.Nf3 Nc6 3.d4 cxd4 4.Nxd4 Qc7 5.Nc3 e6 6.g3 a6 7.Bg2 Nf6 8.O-O Nxd4
9.Qxd4 Bc5 10.Bf4 d6 11.Qd2 e5 12.Be3 O-O 13.Rad1 Bg4 14.f3 Be6 15.Kh1 Bb4
16.Bg5 Bxc3 17.bxc3 Ne8 18.a4 f6 19.Be3 Rc8 20.f4 Qxc3 21.fxe5 dxe5 22.Rf2 Qc6
23.Qb4 Rf7 24.a5 Rfc7 25.Bb6 Qc3 26.Qb1 Rc6 27.Rd3 Qxd3 28.cxd3 Rc1+ 29.Rf1 Rxb1
30.Rxb1 Nd6 31.d4 exd4 32.Bxd4 Rc4 33.Be3 Bc8 34.e5 Ne4 35.exf6 gxf6 36.Kg1 Kg7
37.Bxe4 Rxe4 38.Kf2 Rc4 39.Rxb7+  1/2-1/2

[Event "Open A"]
[Site "Pardubice CZE"]
[Date "2005.07.24"]
[Round "3"]
[White "Batakovs,O"]
[Black "Rehorek,M"]
[Result "1/2-1/2"]
[WhiteElo "2182"]
[BlackElo "2333"]

1.e4 c5 2.Nf3 Nc6 3.d4 cxd4 4.Nxd4 Qc7 5.Nc3 e6 6.Be2 a6 7.O-O Nf6 8.Be3 b5
9.a3 Bb7 10.f4 Nxd4 11.Qxd4 Rc8 12.e5 Nd5 13.Nxd5 Bxd5 14.c3 Be7 15.a4 Qb8
16.axb5 axb5 17.Bf3 Bc5 18.Qd2 Bxe3+ 19.Qxe3 Bxf3 20.Rxf3 d5 21.exd6 Qxd6
22.f5 O-O 23.fxe6 fxe6 24.Rxf8+ Rxf8 25.Re1 Rf6 26.h3 Qd5 27.Qe5 Qd2 28.Re2 Qd3
29.Qe3 Qc4 30.Qe4 Qc5+ 31.Qe3 Qc4 32.Qe4 Qc5+ 33.Kh2 Qd6+ 34.Qe5 Qd7 35.Re4 h6
36.Rd4 Qc6 37.Rd8+ Kf7 38.Rd6 Qc4 39.Rd4 Rf5 40.Qe4 Qc7+ 41.Kg1 Qe5 42.Qxe5 Rxe5
43.Kf2 Kg6 44.Kf3 Kf6 45.c4 bxc4 46.Rxc4 Rb5 47.b4 Ke5 48.Rg4 Rb7 49.h4 Kf5
50.Rc4 Ke5 51.Ke3 Kd5 52.Rd4+ Ke5 53.Kd3 g5 54.hxg5 hxg5 55.g4 Rb8 56.Rc4 Rb7
57.Ke3 Rb5  1/2-1/2

[Event "Open A"]
[Site "Pardubice CZE"]
[Date "2005.07.24"]
[Round "3"]
[White "Gatterer,F"]
[Black "Dovzhenko,V"]
[Result "0-1"]
[WhiteElo "2175"]
[BlackElo "2329"]

1.e4 c5 2.Nf3 Nc6 3.d4 cxd4 4.Nxd4 Qc7 5.Nc3 e6 6.Be2 Nf6 7.O-O Nxd4 8.Qxd4 Bc5
9.Qd3 a6 10.Kh1 b5 11.a3 Bb7 12.f4 d5 13.Bf3 dxe4 14.Nxe4 Nxe4 15.Bxe4 Rd8
16.Qf3 Bxe4 17.Qxe4 O-O 18.f5 Rd4 19.Qf3 Bd6 20.Be3 Rh4 21.h3 Qxc2 22.Rad1 Qc7
23.f6 g6 24.Bg5 Rc4 25.Bh6 Rc8 26.Qd3 Rc6 27.Bg7 Rc1 28.Rxc1 Qxc1 29.Rd1 Bf4
30.Rg1 Qd2 31.Qf3 Qe3 32.Qb7 Rb8 33.Rd1 Qe5 34.Qd7 Qc7 35.Qd3 Rc8 36.Kg1 Qc5+
37.Kf1 Qc4 38.Ke2 Qxd3+ 39.Rxd3 h5 40.g4 h4 41.Kf3 g5 42.Rd7 a5 43.b3 a4
44.bxa4 bxa4 45.Ra7 Bd6 46.Ke4 Bf8 47.Bxf8 Rxf8 48.Rxa4 Kh7 49.Ke5 Kg6 50.Ra7 Rb8
51.a4 Rb3 52.Ra8 Re3+ 53.Kd6 Kxf6 54.a5 Rxh3 55.a6 Ra3 56.a7 h3 57.Rh8 Rxa7
58.Rh6+ Kg7 59.Rxh3 Ra4 60.Rg3 Kf6  0-1

[Event "Open Dutch Championship"]
[Site "Dieren NED"]
[Date "2005.07.26"]
[Round "1"]
[White "Van Kerkhof,D"]
[Black "Gutman,L"]
[Result "0-1"]
[WhiteElo "2170"]
[BlackElo "2465"]

1.e4 c5 2.Nf3 Nc6 3.d4 cxd4 4.Nxd4 Qb6 5.Nb3 e6 6.g3 Nf6 7.Bg2 Be7 8.O-O O-O
9.Nc3 a6 10.Bf4 d6 11.Bxd6 Rd8 12.e5 Nxe5 13.Bxe7 Rxd1 14.Raxd1 Bd7 15.Bc5 Qd8
16.Bxb7 Rb8 17.Bg2 Rc8 18.Rfe1 Nc4 19.Bb7 Rb8 20.Bxa6 Nxb2 21.Rd4 Rxb3 22.axb3 Qa5
23.Bb4 Qxa6 24.Ne4 Nxe4 25.Rexe4 Qc6 26.Re2 h5 27.c4 e5 28.Rxd7 Qxd7 29.Rxb2 h4
30.gxh4 Qd4 31.Rb1 Qxh4 32.Bd2 Qg4+ 33.Kf1 Qd4 34.Rd1 f5 35.Ke1 Qe4+ 36.Kf1 f4
37.Rc1 Kf7 38.c5 Ke8 39.b4 Kd7 40.c6+ Kc7 41.Kg1 Qd5 42.Bc3 e4 43.h4 f3 44.b5 Qxb5
45.Bd4 Qf5 46.Kf1 g5 47.hxg5 Qb5+  0-1

[Event "Petrovskaya Ladya IM"]
[Site "Peterhof RUS"]
[Date "2005.08.03"]
[Round "3"]
[White "Petrenko,S"]
[Black "Arzumanian,G"]
[Result "1-0"]
[WhiteElo "2307"]
[BlackElo "2448"]

1.e4 c5 2.Nf3 Nc6 3.d4 cxd4 4.Nxd4 Qb6 5.Nb3 Nf6 6.Nc3 e6 7.a3 Qc7 8.Be2 a6
9.f4 d6 10.O-O b5 11.Bf3 Bb7 12.Kh1 Be7 13.Be3 O-O 14.g4 Rfe8 15.g5 Nd7 16.Bg2 Rac8
17.Qh5 g6 18.Qh3 Bf8 19.Rad1 b4 20.axb4 Nxb4 21.Rd2 Nb6 22.Rdf2 Nc4 23.Bc1 Re7
24.Nd1 Na2 25.Be3 Nb4 26.Bd4 e5 27.Bc3 Na2 28.f5 Nxc3 29.Qxc3 Qd8 30.Nd2 d5
31.Nxc4 Rxc4 32.Qb3 Rec7 33.fxg6 hxg6 34.c3 R4c5 35.Ne3 Qxg5 36.Nxd5 Bxd5
37.exd5 Rb5 38.Qa2 Bc5 39.d6  1-0

[Event "ch-POR"]
[Site "Vila Real POR"]
[Date "2005.08.08"]
[Round "6"]
[White "Costa,JoaoG"]
[Black "Damaso,R"]
[Result "0-1"]
[WhiteElo "2258"]
[BlackElo "2432"]

1.e4 c5 2.Nf3 Nc6 3.d4 cxd4 4.Nxd4 Qb6 5.Nb3 Nf6 6.Nc3 e6 7.Be3 Qc7 8.f4 d6
9.Be2 a6 10.O-O b5 11.Bf3 Bb7 12.Qe1 Be7 13.Qg3 O-O 14.f5 Kh8 15.Qh3 Rae8
16.fxe6 fxe6 17.Ne2 e5 18.c3 Nb8 19.Nd2 Nbd7 20.g4 d5 21.g5 Bc5 22.Bxc5 Qxc5+
23.Kh1 Nxe4 24.Bxe4 dxe4 25.Qxd7 Bc6 26.Qh3 Qd5 27.Qe3 Qxd2 28.Qc5 e3+ 29.Qxc6 Qxe2
30.Qg2 Rf2 31.Rxf2 exf2 32.Rf1 Rf8  0-1

[Event "FSGM August"]
[Site "Budapest HUN"]
[Date "2005.08.14"]
[Round "9"]
[White "Seres,L"]
[Black "Fogarasi,T"]
[Result "1/2-1/2"]
[WhiteElo "2429"]
[BlackElo "2490"]

1.e4 c5 2.Nf3 Nc6 3.d4 cxd4 4.Nxd4 Qc7 5.Nc3 e6 6.Be2 a6 7.O-O Nf6 8.Kh1 h5
9.Nxc6 bxc6 10.f4 d5 11.e5 Ng4 12.Bxg4 hxg4 13.Qxg4 g6 14.Nd1 Bb7 15.Nf2 c5
16.c3 Be7 17.Bd2 O-O-O 18.Rac1 Qc6 19.b4 Rh4  1/2-1/2

[Event "Rudenko mem"]
[Site "St Petersburg RUS"]
[Date "2005.08.22"]
[Round "3"]
[White "Larina,M"]
[Black "Gorozhankina,J"]
[Result "1-0"]
[WhiteElo "2081"]
[BlackElo "1968"]

1.e4 c5 2.Nf3 Nc6 3.d4 cxd4 4.Nxd4 Qb6 5.Nb3 Nf6 6.Nc3 e6 7.Be3 Qc7 8.a3 Be7
9.g3 O-O 10.Bg2 a6 11.O-O d6 12.f4 Rb8 13.g4 b5 14.g5 Nd7 15.f5 Rd8 16.Qh5 Nde5
17.Nd4 g6 18.Qh3 Nxd4 19.Bxd4 Bf8 20.Rf4 Bg7 21.f6 Bf8 22.Rh4 h5 23.gxh6 Nc4
24.Qg3 Kh7 25.b3 Nb6 26.e5 dxe5 27.Ne4 Rxd4 28.Ng5+ Kh8 29.Rxd4 Bc5 30.c3 Bb7
31.Qxe5 Bxd4+ 32.cxd4 Rc8 33.Qxc7 Rxc7 34.Bxb7 Rxb7 35.Rc1 Kg8 36.Kf2 Rd7
37.Rc6 Rb7 38.Kf3 Kh8 39.Ke4 Kg8 40.Rd6 Nd7 41.h7+ Kh8 42.Nxf7+ Kxh7 43.Rxe6 Kg8
44.Nd6 Ra7 45.Re8+ Nf8 46.Kd5 Rh7 47.Re7 Rh5+ 48.Kc6 Nh7 49.Rg7+ Kf8 50.Rxg6 Rxh2
51.f7 Ke7 52.d5 Nf8 53.Rg8 Rc2+ 54.Kb7 Kxd6 55.Rxf8 Ke7 56.Rc8 Rf2 57.f8=Q+ Rxf8
58.Rxf8 Kxf8 59.d6 Ke8 60.Kc7  1-0

[Event "13th Open"]
[Site "Nikaia GRE"]
[Date "2005.08.29"]
[Round "8"]
[White "Kekatos,N"]
[Black "Tassopoulos,M"]
[Result "0-1"]
[WhiteElo "2039"]
[BlackElo "2220"]

1.e4 c5 2.Nf3 Nc6 3.d4 cxd4 4.Nxd4 Qc7 5.Nc3 e6 6.Nxc6 bxc6 7.Bd3 e5 8.Be3 Nf6
9.O-O d6 10.h3 Rb8 11.f4 Rxb2 12.Qf3 Be7 13.f5 Qa5 14.Nd1 Rb8 15.Qg3 Rg8
16.Nf2 Ba6 17.Ng4 Bxd3 18.cxd3 Kd7 19.Qf2 c5 20.Qc2 Qa6 21.Rab1 Rgc8 22.Rfc1 Ke8
23.Nxf6+ Bxf6 24.Rb3 Rxb3 25.Qxb3 Qb6 26.Qa4+ Ke7 27.Rc3 Rb8 28.Rb3 Qc7 29.Rxb8 Qxb8
30.Bd2 Qb7 31.Qa5 Qb6 32.Qa3 Bh4 33.Qb3 Qxb3 34.axb3 Kd7 35.Bc3 Kc6 36.g4 Kb5
37.Kf1 Bd8 38.Ke2 Ba5 39.Kd2 Bxc3+ 40.Kxc3 a6 41.h4 f6 42.g5 h6 43.gxf6 gxf6
44.h5 Kb6 45.Kc4 Kc6 46.Kc3 d5 47.Kc2 dxe4 48.dxe4 Kb5 49.Kc3 a5 50.Kd3 Kb4
51.Kc2 c4  0-1

[Event "27th So Cal Open"]
[Site "Los Angeles USA"]
[Date "2005.09.05"]
[Round "6"]
[White "Pokorna,Reg"]
[Black "Peters,Joh"]
[Result "1/2-1/2"]
[WhiteElo "2377"]
[BlackElo "2430"]

1.e4 c5 2.Nf3 Nc6 3.d4 cxd4 4.Nxd4 Qb6 5.Nb3 Nf6 6.Nc3 e6 7.Be2 Bb4 8.Be3 Qc7
9.Qd3 d5 10.O-O Bxc3 11.Qxc3 e5 12.exd5 Nxd5 13.Qd2 Nxe3 14.Qxe3 O-O 15.c3 Be6
16.Nc5 Bd5 17.Rfd1 Ne7 18.Ne4 Rad8 19.Qc5 Qxc5 20.Nxc5 b6 21.Nd3 Nc6 22.b3 Rfe8
23.Nb2 Ne7 24.Bb5 Bc6  1/2-1/2

[Event "TCh-POL Ekstraliga"]
[Site "Lubniewice POL"]
[Date "2005.09.08"]
[Round "6"]
[White "Kupczyk,E"]
[Black "Jaracz,B"]
[Result "0-1"]
[WhiteElo "2123"]
[BlackElo "2251"]

1.e4 c5 2.Nf3 Nc6 3.d4 cxd4 4.Nxd4 Qc7 5.Nc3 e6 6.Be2 a6 7.O-O Nf6 8.Be3 Bb4
9.Na4 O-O 10.Nxc6 bxc6 11.Nb6 Rb8 12.Nxc8 Qxc8 13.Bd4 Be7 14.e5 Nd5 15.c4 Nf4
16.c5 f6 17.Rc1 a5 18.Bc4 Qe8 19.Qg4 Nd5 20.Bxd5 cxd5 21.Qh3 Rc8 22.Qe3 Rc6
23.b3 Qb8 24.g3 Qb5 25.Rc3 fxe5 26.Qxe5 Bf6 27.Qe3 e5 28.Bxe5 Re6 29.Qd3 Qxd3
30.Rxd3 Rxe5 31.f4 Re7 32.Rxd5 Bb2  0-1

[Event "EYg18"]
[Site "Herceg Novi SCG"]
[Date "2005.09.16"]
[Round "3"]
[White "Melia,S"]
[Black "Djukic,Sa"]
[Result "1-0"]
[WhiteElo "2305"]
[BlackElo "2095"]

1.e4 c5 2.Nf3 Nc6 3.d4 cxd4 4.Nxd4 Qc7 5.Nc3 e6 6.Be3 a6 7.Qd2 Nf6 8.O-O-O Bb4
9.f3 Ne7 10.Nb3 e5 11.Bg5 h6 12.Bh4 g5 13.Bg3 a5 14.Kb1 Ng6 15.Nd4 Qb6 16.Ndb5 Qc6
17.a3 Bc5 18.Nd5 O-O 19.h4 Nxd5 20.exd5 Qf6 21.hxg5 Qxg5 22.Qxg5 hxg5 23.d6 b6
24.Bd3 Kg7 25.Bxg6 Kxg6 26.Bxe5 Bb7 27.Nc7 Rac8 28.Rhe1 Bc6 29.Bg3 f5 30.Be5 Rf7
31.Bc3 Bf2 32.Re2 Bg3 33.Be5 Bxe5 34.Rxe5 a4 35.Rde1 Rh8 36.Nb5 Rf6 37.Nd4 Rhf8
38.Nxc6 dxc6 39.d7 Rd8 40.Re7 Rf7 41.R1e6+ Rf6 42.Kc1 f4 43.Kb1 b5 44.Kc1 Kf5
45.Re5+ Kg6 46.c3 Kh5 47.Rg7 Rg6 48.Rh7+ Rh6 49.Rxh6+ Kxh6 50.Re6+ Kh5 51.Rd6 Kh4
52.Kd1 Kg3 53.Rd2 g4 54.fxg4 Kxg4 55.Ke2 Kg3 56.Kf1 Kg4 57.Kf2 Kf5 58.Rd4 c5
59.Rd1  1-0

[Event "Caissa IM September"]
[Site "Kecskemet HUN"]
[Date "2005.09.18"]
[Round "2"]
[White "Donko,M"]
[Black "Kragelj,I"]
[Result "1/2-1/2"]
[WhiteElo "2040"]
[BlackElo "2230"]

1.e4 c5 2.Nf3 Nc6 3.d4 cxd4 4.Nxd4 Qc7 5.Nc3 e6 6.Be3 a6 7.Qd2 Nf6 8.f3 Ne5
9.O-O-O Bb4 10.Nb3 b5 11.Bd4 Be7 12.Qg5 Ng6 13.Qd2 Ne5 14.Qg5 Ng6 15.Qd2  1/2-1/2

[Event "EYb16"]
[Site "Herceg Novi SCG"]
[Date "2005.09.20"]
[Round "6"]
[White "Borsuk,Y"]
[Black "Vila Gazquez,Ja"]
[Result "1-0"]
[WhiteElo "2220"]
[BlackElo "2338"]

1.e4 c5 2.Nf3 Nc6 3.d4 cxd4 4.Nxd4 Qc7 5.c4 Qe5 6.Be3 Qxe4 7.Nc3 Qe5 8.Be2 e6
9.Qd2 a6 10.O-O-O Nf6 11.Bf3 Be7 12.Rhe1 Nxd4 13.Bxd4 Qc7 14.Bxf6 Bxf6 15.Nd5 Qxc4+
16.Kb1 Bd8 17.Re4 Qc5 18.Rc1 Qd6 19.Nf6+ Ke7 20.Rd4 Ba5 21.Qd3 Qe5 22.Ng4 Qf5
23.Be4 Qxg4 24.Bxb7 Qxd4 25.Qxd4 Bxb7 26.Qc5+ Kf6 27.Qxa5 Be4+ 28.Ka1 Rhc8
29.Re1 d5 30.f3 Bg6 31.Qd2 Rc4 32.b3 Rc2 33.Qb4 Kg5 34.Qg4+ Kf6 35.Qh4+ Kf5
36.g4+ Kf4 37.g5+  1-0

[Event "ProMoPro Open"]
[Site "Prague CZE"]
[Date "2005.09.22"]
[Round "8"]
[White "Londyn,R"]
[Black "Vokoun,J"]
[Result "1/2-1/2"]
[WhiteElo "2350"]
[BlackElo "2326"]

1.e4 c5 2.Nf3 Nc6 3.d4 cxd4 4.Nxd4 Qb6 5.Nf3 Nf6 6.Nc3 e6 7.Bd3 a6 8.O-O d6
9.Na4 Qa5 10.c4 b5 11.Nc3 b4 12.Ne2 Be7 13.Ned4 Bb7 14.Qe2 Nd7 15.Nxc6 Bxc6
16.Nd4 Bb7 17.a3 bxa3 18.Rxa3 Qc7 19.b4 Ne5 20.Nb3 Nxd3 21.Qxd3 O-O 22.Bb2 Rfc8
23.Na5 Bf8 24.h4 Rab8 25.h5 d5 26.cxd5 exd5 27.exd5 Rd8 28.Nxb7 Qxb7 29.h6 Qxd5
30.Qg3 Rb6 31.hxg7 Bxb4 32.Re3 Rg6 33.Qh3 Qd2 34.Ba1 Bc5 35.Rc3 Bd4 36.Rc8 Bxa1
37.Rxa1 Kxg7 38.Qc3+ Qxc3 39.Rxc3 Rdd6 40.Rc7 h6 41.Ra7 Rgf6 42.Ra2 Rfe6
43.g3 Kg6 44.Kg2 f5 45.Kf3 Kg5 46.Ra4 Rd2 47.R4xa6 Ree2 48.Rg7+ Kh5 49.Ra4 Rxf2+
50.Ke3 Rde2+ 51.Kd3 Rd2+ 52.Ke3  1/2-1/2

[Event "TCh-NED 2005-6"]
[Site "Netherlands NED"]
[Date "2005.09.24"]
[Round "1"]
[White "Jonker,Mar"]
[Black "Souleidis,G"]
[Result "1/2-1/2"]
[WhiteElo "2276"]
[BlackElo "2410"]

1.e4 c5 2.Nf3 Nc6 3.d4 cxd4 4.Nxd4 Qb6 5.Nb3 Nf6 6.Nc3 e6 7.Bd3 d6 8.f4 a6
9.Qf3 Be7 10.Be3 Qc7 11.O-O O-O 12.g4 b5 13.g5 Nd7 14.Qh3 Nb4 15.f5 exf5
16.exf5 Nxd3 17.cxd3 Nc5 18.Nd5 Qd8 19.Qg2 Bb7 20.f6 Bxd5 21.Qxd5 gxf6 22.gxf6 Bxf6
23.Rf2 Ne6 24.Raf1 Bg7 25.Nd4 Nxd4 26.Bxd4 Bxd4 27.Qxd4 f6 28.Rxf6 Rxf6 29.Rxf6 Ra7
30.Rxd6 Qg5+ 31.Kh1 Qc1+ 32.Qg1+ Qxg1+ 33.Kxg1 Rc7 34.Rxa6 Rc1+ 35.Kf2 Rc2+
36.Ke3 Rxb2 37.h4 Rh2 38.Ra5 Rh3+ 39.Kd2 Rxh4 40.Rxb5  1/2-1/2

[Event "Belgrade Premier League"]
[Site "Belgrade SCG"]
[Date "2005.10.03"]
[Round "3"]
[White "Lazovic,G"]
[Black "Damjanovic,D"]
[Result "0-1"]
[WhiteElo "2380"]
[BlackElo "2264"]

1.e4 c5 2.Nf3 Nc6 3.d4 cxd4 4.Nxd4 Qc7 5.Nc3 e6 6.Be3 a6 7.a3 Nf6 8.h3 b5
9.Nxc6 dxc6 10.Bd3 c5 11.O-O Bb7 12.f3 Rd8 13.Qe1 c4 14.Be2 Bd6 15.Bd1 O-O
16.Ne2 Rd7 17.c3 Nh5 18.Bc2 f5 19.Rd1 Rdf7 20.Qd2 Bh2+ 21.Kh1 fxe4 22.f4 Bxf4
23.Bxf4 Nxf4 24.Nxf4 Rxf4 25.Rfe1 Rf2 26.Qd7 Rf1+  0-1